Villes italiennes par périphrases - Statistiques

Statistiques générales
  • Ce quiz a été pris 936 fois
  • Le résultat moyen est 7 sur 15
Statistiques - réponses
Périphrase Ville % Correct
La ville éternelle Rome
99%
La capitale de la mode Milan
91%
La cité des doges Venise
87%
La capitale des arts Florence
81%
La ville de Roméo et Juliette Vérone
68%
La capitale de l'automobile Turin
67%
La cité du soleil Naples
52%
La capitale des Pouilles Bari
50%
La Rouge Bologne
43%
La Superbe Gênes
28%
L'Heureuse Palerme
20%
La porte aux Dolomites Bolzano
12%
La Florence du sud Lecce
12%
La cité des fleurs San Remo
7%
La ville des délices Capoue
6%
Aucun quiz correspondant
Distribution des résultats
% des personnes avec chaque résultat
Percentile par nombre de réponses
Votre historique - résultats
Vous n’avez pas pris ce quiz